| 000 | 00395nam a22001337a 4500 | ||
|---|---|---|---|
| 020 | _a0-07-001685-2 | ||
| 040 | _cProgressive international Agency | ||
| 082 |
_a532.05 _band |
||
| 100 |
_aAnderson, John D _988495 |
||
| 245 |
_aComputational Fluid Dynamics: _bThe basic with applications / _cAnderson, John D |
||
| 260 |
_aNew York: _bMcGraw-Hill _c1995. |
||
| 300 | _a547 p. : | ||
| 942 |
_2ddc _cBK |
||
| 999 |
_c587642 _d587642 |
||